|
|
|
|
| LEADER |
00000cam a22000004a 4500 |
| 001 |
musev2_27079 |
| 003 |
MdBmJHUP |
| 005 |
20230905042854.0 |
| 006 |
m o d |
| 007 |
cr||||||||nn|n |
| 008 |
140517t20062006pau o 00 0 eng d |
| 020 |
|
|
|a 9780822973010
|
| 020 |
|
|
|z 9780822959250
|
| 020 |
|
|
|z 9780822942863
|
| 035 |
|
|
|a (OCoLC)607717506
|
| 040 |
|
|
|a MdBmJHUP
|c MdBmJHUP
|
| 245 |
0 |
0 |
|a American Indian Rhetorics of Survivance :
|b Word Medicine, Word Magic /
|c edited by Ernest Stromberg.
|
| 264 |
|
1 |
|a Pittsburgh, Pennsylvania :
|b University of Pittsburgh Press,
|c 2006.
|
| 264 |
|
3 |
|a Baltimore, Md. :
|b Project MUSE,
|c 2015
|
| 264 |
|
4 |
|c ©2006.
|
| 300 |
|
|
|a 1 online resource (296 pages).
|
| 336 |
|
|
|a text
|b txt
|2 rdacontent
|
| 337 |
|
|
|a computer
|b c
|2 rdamedia
|
| 338 |
|
|
|a online resource
|b cr
|2 rdacarrier
|
| 490 |
0 |
|
|a Pittsburgh Series in Composition, Literacy, and Culture
|
| 500 |
|
|
|a Includes index.
|
| 505 |
0 |
0 |
|t Rhetoric and American Indians : an introduction /
|r Ernest Stromberg --
|t Red Jacket's rhetoric : postcolonial persuasions on the Native frontiers of the early American Republic /
|r Matthew Dennis --
|t (Native) American jeremiad : the "mixedblood" rhetoric of William Apess /
|r Patricia Bizzell --
|t "Forked justice" : Elias Boudinot, the US Constitution, and Cherokee removal /
|r Angela Pulley Hudson --
|t Sarah Winnemucca Hopkins : her wrongs and claims /
|r Malea D. Powell --
|t Resistance and mediation : the rhetoric of irony in Indian boarding school narratives by Francis La Flesche and Zitkala-Sa /
|r Ernest Stromberg --
|t Sundance behind bars : the rhetoric of Leonard Peltier's prison writings /
|r Janna Knittel --
|t De-assimilation as the need to tell : Native American writers, Bakhtin, and autobiography /
|r Holly L. Baumgartner --
|t Inside the circle, outside the circle : the continuance of Native American storytelling and the development of rhetorical strategies in English /
|r Karen A. Redfield --
|t Critical tricksters : race, theory, and old Indian legends /
|r Robin Derosa --
|t Communicating history : James Welch's Killing Custer and the cultural translation of the Battle of the Little Bighorn /
|r Anthony G. Murphy --
|t The world made visible : Leslie Marmon Silko's Almanac of the dead /
|r Ellen L. Arnold --
|t American Indian sovereignty : now you see it, now you don't /
|r Peter D'errico --
|t Wennebojo meets a "real Indian" /
|r Richard Clark Eckert.
|
| 546 |
|
|
|a English.
|
| 588 |
|
|
|a Description based on print version record.
|
| 650 |
|
7 |
|a Rhetoric.
|2 fast
|0 (OCoLC)fst01096948
|
| 650 |
|
7 |
|a Oral tradition.
|2 fast
|0 (OCoLC)fst01047117
|
| 650 |
|
7 |
|a Indians of North America
|x Government relations.
|2 fast
|0 (OCoLC)fst00969761
|
| 650 |
|
7 |
|a Indians of North America
|x Ethnic identity.
|2 fast
|0 (OCoLC)fst00969733
|
| 650 |
|
7 |
|a Ethnic relations.
|2 fast
|0 (OCoLC)fst00916005
|
| 650 |
|
7 |
|a REFERENCE
|x Writing Skills.
|2 bisacsh
|
| 650 |
|
7 |
|a LANGUAGE ARTS & DISCIPLINES
|x Rhetoric.
|2 bisacsh
|
| 650 |
|
7 |
|a LANGUAGE ARTS & DISCIPLINES
|x Composition & Creative Writing.
|2 bisacsh
|
| 650 |
|
6 |
|a Tradition orale
|z États-Unis.
|
| 650 |
|
6 |
|a Rhetorique
|z États-Unis.
|
| 650 |
|
0 |
|a Oral tradition
|z United States.
|
| 650 |
|
0 |
|a Rhetoric
|z United States.
|
| 650 |
|
0 |
|a Indians of North America
|x Government relations.
|
| 650 |
|
0 |
|a Indians of North America
|x Ethnic identity.
|
| 651 |
|
7 |
|a United States.
|2 fast
|0 (OCoLC)fst01204155
|
| 651 |
|
6 |
|a États-Unis
|x Relations interethniques.
|
| 651 |
|
0 |
|a United States
|x Ethnic relations.
|
| 655 |
|
7 |
|a Electronic books.
|2 local
|
| 700 |
1 |
|
|a Stromberg, Ernest,
|e editor.
|
| 710 |
2 |
|
|a Project Muse.
|e distributor
|
| 830 |
|
0 |
|a Book collections on Project MUSE.
|
| 856 |
4 |
0 |
|z Texto completo
|u https://projectmuse.uam.elogim.com/book/27079/
|
| 945 |
|
|
|a Project MUSE - Custom Collection
|
| 945 |
|
|
|a Project MUSE - Archive Complete Supplement III
|
| 945 |
|
|
|a Project MUSE - Archive Native American and Indigenous Studies Supplement II
|
| 945 |
|
|
|a Project MUSE - Archive Higher Education Supplement III
|